00722nab a2200205 uc450000100070000000500170000700800410002403500110006503500210007604000130009704100080011010000410011824500810015965000260024065000240026665000310029065100200032170000310034177301440037264046620250312091645.0001212e19981201 spa  a640466 a(OCoLC)819877162 ccomduadb aspa10aPoveda Jaramillo, Germán4auteaut13aEl ciclo anual de la hidrologia de Colombia en relacion con el enso y la nao aFenómeno del Niño 7aHidrología2embne 7aCambios climáticos2lemb 7aColombia2embne10aGil, Marta Maria4auteaut0 tBulletin de l'Institut Francais d'Études Andines (Lima)gVolumen 027, Número 03, Septiembre 1998, p. 721-731w463894x0303-74950118571